000 00610nam a2200229Ia 4500
003 OSt
005 20220918193004.0
006 a|||||r|||| 00| 0
007 ta
008 220917b |||||||| |||| 00| 0 eng d
024 _a71,408
037 _cTextual
040 _aARTS
_cARTS
_beng
041 _2eng
_aeng
082 _aR3xM89:g, L6
100 _aMehta J L
_941969
245 0 _aMartin Heidegger
_b The way and the vision
260 _aHonolulu
_bUniv press of Hawaii
_c1976
300 _axvi, 511p.
_ccm.
942 _hR3xM89:g, L6
_cTEXL
_2CC
999 _c197481
_d197481